000 00212nam a2200097Ia 4500
008 190216s9999||||xx |||||||||||||| ||und||
100 _aNull
245 0 _aHindi-Doh Kar Siho
260 _bMcgraw -hill
942 _cBK
999 _c17330
_d17330